| 000 | 00960nam a2200265 i 4500 | ||
|---|---|---|---|
| 001 | 30881 | ||
| 003 | ES-MaACL | ||
| 005 | 20250701114252.0 | ||
| 007 | t| | ||
| 008 | 030127s1915 sp ||||1| spa d | ||
| 080 | _a821.14.09 | ||
| 080 | _a821.124.09 | ||
| 100 | 1 |
_aBello, Andrés. _927233 |
|
| 245 | 1 | 0 |
_aHistoria de las literaturas de Grecia y Roma / _cAndrés Bello. |
| 260 |
_aMadrid : _bSociedad Española de Librería, _c[1915?] ( _fImp. de J. Pueyo) |
||
| 300 |
_a283 p. ; _c19 cm. |
||
| 530 | _aDisponible en formato digital. | ||
| 650 | 0 | 4 |
_aLiteratura griega- _xHistoria y crítica. _914599 |
| 650 | 0 | 4 |
_aLiteratura latina- _xHistoria y crítica. _914633 |
| 852 |
_aES-MaACL _jA-3918 _cSPP1 _zRevisado enlace: 1 de Junio 2025 |
||
| 852 |
_aES-MaACL _jF-8273 _cSPD2 _zRevisado enlace: 1 de Junio 2025 |
||
| 856 | 4 |
_uhttp://bdh-rd.bne.es/viewer.vm?id=0000129879&page=1 _yBiblioteca Digital Hispánica |
|
| 942 | _2udc | ||
| 999 |
_c30881 _d30881 |
||